Bottom 10 countries Alphabetically - Statistics

General Stats
  • This quiz has been taken 13 times
    4 since last reset
  • The average score is 8 of 10
Answer Stats
Hint Answer % Correct
#8 Uzbekistan
100%
#6 Vatican City
100%
#5 Venezuela
100%
#4 Vietnam
100%
#3 Yemen
100%
#2 Zambia
100%
#1 Zimbabwe
100%
#10 United States of America
50%
#9 Uruguay
50%
#7 Vanuatu
0%
No matching quizzes found
Score Distribution
Percent of People with Each Score
Percentile by Number Answered
Your Score History
You have not taken this quiz since the last reset